000 00889nam a22002897a 4500
003 CHAP
005 20220329134451.0
008 971013s r 00010 d
010 _a20811
011 _a21783
035 _a25874
040 _cCHAP
090 _aR-3485Y
100 0 0 _aBent, Edward.
_911691
245 _aMejore la distribución de las flores cortadas y mantenga la calidad de la flor
500 _aSobretiro de : Growertalks Magazine p. 5-8, 1991
501 _aEnc. con otros impresos similares
590 _aBATCH-UPD
_b10
_c20130110
_lUCH01
_h1940
590 _aCONVERSION
_b10
_c20130109
_lUCH01
_h1312
650 1 4 _aFlores
_xCorte.
_941368
650 1 4 _aFlores
_xMercadeo.
_941388
650 1 4 _aGerbera.
_947710
901 _aBK
942 _cREIMP
949 _aR-3485Y
_bBC
_cR
_d-59819
_eLIBRO
_i25874
_si
949 _aR-3485Y
_bBC
_cR
_d-59820
_eLIBRO
_fc.2
_i25874
_si
999 _c20811
_d20811